000 00755cab a2200277 4500
001 WB2812-02
008 090401t1992 xxu||||| |||| 00| 0 eng d
035 _a(Sirsi) u59818
041 _aeng
245 _aHousing for the third world
260 _c1992
350 _a0
490 _aFinancial Times
_v13 March 1992, 12(1)
520 _aThe Tronco system provides houses, made from hollow metal `logs`, for poorer countries.
650 _aEASTERN EUROPE
650 _aHOUSE BUILDING
650 _aLOG CABINS
650 _aBUILT ENVIRONMENT-BUILDING MATERIALS
650 _aSTEIN A.
650 _aTRONCO
650 _aUSA
690 _aBUILT ENVIRONMENT-CONSTRUCTION DESIGN
690 _aHOUSING
942 _n0
948 _c04/03/1997
999 _c36780
_d36780